Normal view
MARC view
Entry Corporate Name
001 - CONTROL NUMBER
- control field: 32231
003 - CONTROL NUMBER IDENTIFIER
- control field: dpl
005 - DATE AND TIME OF LATEST TRANSACTION
- control field: 20110810104329.0
008 - FIXED-LENGTH DATA ELEMENTS
- fixed length control field: 110810|||a|||||| | ||| d
040 ## - CATALOGING SOURCE
- Original cataloging agency: dpl
- Transcribing agency: dpl
110 ## - HEADING--CORPORATE NAME
- Corporate name or jurisdiction name as entry element: Kutb Minar (India, Delhi)
670 ## - SOURCE DATA FOUND
- Source citation: Work cat.: (dpl)51363: Balasubramaniam, R. 32230, The world heritage complex of the Qutub /, 2005
670 ## - SOURCE DATA FOUND
- Source citation: Work cat.: (dpl)51363: Balasubramaniam, R. 32230, The world heritage complex of the Qutub /, 2005
